000 00301pam a2200133 a 4500
020 _c
041 _aeng
082 _bBHA
100 _aBhatnagar, S.S.
245 _aA Class Book Of Pratical Botany Vol- I
_hTextual Documents
260 _aAgra:
_bRatan Prakashan.
300 _a546.
930 _a17093
999 _c93993
_d93993